[Event "London Classic op 7th"]
[Site "London"]
[Date "2015.12.06"]
[Round "4"]
[White "Dukaczewski, Piotr"]
[Black "Hagesaether, Arne"]
[Result "0-1"]
[WhiteElo "2280"]
[BlackElo "2055"]
[PlyCount "88"]
[EventDate "2015.12.04"]
[EventType "swiss"]
[EventRounds "9"]
[EventCountry "ENG"]
[SourceTitle "CBM 169 Extra"]
[Source "ChessBase"]
[SourceDate "2015.12.18"]
[SourceVersion "1"]
[SourceVersionDate "2015.12.18"]
[SourceQuality "1"]

1. c4 Nf6 2. g3 c6 3. Bg2 d5 4. b3 dxc4 5. bxc4 Qd4 6. Nc3 Qxc4 7. Nf3 Nbd7 8. Bb2 e5 9. 0-0 Bd6 10. d3 Qa6 11. d4 exd4 12. Nxd4 Ba3 13. Rb1 0-0 14. Ba1 Ne5 15. Qb3 Bc5 16. Na4 Bb6 17. Rfc1 Rd8 18. Nxb6 axb6 19. f4 Ng6 20. Rc2 b5 21. Qf3 Qa4 22. Qd3 Be6 23. Rd1 Bxa2 24. Rcc1 Bc4 25. Qf5 Bxe2 26. Re1 Bg4 27. Qc5 Nd7 28. Qg5 Nf6 29. Nf5 Bxf5 30. Qxf5 Qa7+ 31. Kh1 Rd2 32. Bxf6 Qf2 33. Rg1 gxf6 34. Qxf6 Raa2 35. f5 Qa7 36. fxg6 hxg6 37. Rce1 Qb8 38. Re7 Rf2 39. Qd4 Rad2 40. Qe3 Qd6 41. Rxb7 Rde2 42. Qc1 Rc2 43. Qh6 Rxg2 44. Rf1 Rg1+ 0-1

[Event "London Classic op 7th"]
[Site "London"]
[Date "2015.12.05"]
[Round "2"]
[White "Dukaczewski, Piotr"]
[Black "Vakhidov, Jahongir"]
[Result "0-1"]
[WhiteElo "2280"]
[BlackElo "2546"]
[PlyCount "50"]
[EventDate "2015.12.04"]
[EventType "swiss"]
[EventRounds "9"]
[EventCountry "ENG"]
[SourceTitle "CBM 169 Extra"]
[Source "ChessBase"]
[SourceDate "2015.12.18"]
[SourceVersion "1"]
[SourceVersionDate "2015.12.18"]
[SourceQuality "1"]

1. c4 e5 2. g3 Nc6 3. Bg2 Bc5 4. Nc3 a6 5. a3 Ba7 6. e3 d6 7. Nge2 Nge7 8. 0-0 h5 9. h3 f5 10. d4 h4 11. b4 Ng6 12. c5 e4 13. Qb3 Nce7 14. cxd6 Qxd6 15. d5 Ne5 16. Nd4 hxg3 17. fxg3 Nd3 18. Kh2 Bd7 19. Bd2 0-0-0 20. Rab1 Rh6 21. b5 Rdh8 22. bxa6 Rxh3+ 23. Bxh3 Qh6 24. Qxb7+ Kd8 25. Qa8+ Nc8 0-1

[Event "London Classic op 7th"]
[Site "London"]
[Date "2015.12.05"]
[Round "3"]
[White "Gaudeau, Valentin"]
[Black "Dukaczewski, Piotr"]
[Result "0-1"]
[WhiteElo "2080"]
[BlackElo "2280"]
[PlyCount "90"]
[EventDate "2015.12.04"]
[EventType "swiss"]
[EventRounds "9"]
[EventCountry "ENG"]
[SourceTitle "CBM 169 Extra"]
[Source "ChessBase"]
[SourceDate "2015.12.18"]
[SourceVersion "1"]
[SourceVersionDate "2015.12.18"]
[SourceQuality "1"]

1. d4 Nf6 2. Nf3 g6 3. Bf4 Bg7 4. e3 d6 5. Be2 0-0 6. h3 Nbd7 7. 0-0 Qe8 8. c4 e5 9. Bh2 Qe7 10. Nc3 b6 11. Rc1 e4 12. Nd2 Bb7 13. b4 c5 14. bxc5 dxc5 15. d5 a6 16. Qc2 Rfe8 17. a4 h5 18. Rb1 Bc8 19. a5 bxa5 20. Nb3 Ne5 21. Nxa5 Bf5 22. Rb7 Nfd7 23. Nc6 Qf6 24. Nxe5 Nxe5 25. Na4 Nf3+ 26. Kh1 Nxh2 27. Kxh2 Qh4 28. Bd1 Rab8 29. Rxb8 Rxb8 30. Qd2 Be5+ 31. Kg1 Bd6 32. Nc3 Qg5 33. f4 exf3 34. Rxf3 Rb4 35. Be2 Qe7 36. Bd3 Bxd3 37. Qxd3 Qe5 38. Ne2 a5 39. Nf4 a4 40. g3 Rb3 41. Qc2 Kg7 42. Qf2 Qa1+ 43. Kg2 Bxf4 44. Rxf4 Rb2 45. Rxf7+ Kh6 0-1

[Event "London Classic op 7th"]
[Site "London"]
[Date "2015.12.04"]
[Round "1"]
[White "Rocco, Federico"]
[Black "Dukaczewski, Piotr"]
[Result "0-1"]
[WhiteElo "1855"]
[BlackElo "2280"]
[PlyCount "100"]
[EventDate "2015.12.04"]
[EventType "swiss"]
[EventRounds "9"]
[EventCountry "ENG"]
[SourceTitle "CBM 169 Extra"]
[Source "ChessBase"]
[SourceDate "2015.12.18"]
[SourceVersion "1"]
[SourceVersionDate "2015.12.18"]
[SourceQuality "1"]

1. e4 e6 2. d3 d5 3. Nd2 c5 4. g3 Nc6 5. Bg2 Nf6 6. Ngf3 Be7 7. 0-0 Qc7 8. Re1 b6 9. b3 Bb7 10. Bb2 d4 11. a4 e5 12. Nh4 g6 13. Nc4 0-0 14. Bc1 Nh5 15. Nf5 Bf6 16. Ncd6 gxf5 17. Nb5 Qd7 18. Qxh5 Ne7 19. Qh6 Bg7 20. Qd6 Rfd8 21. Qxd7 Rxd7 22. Bh3 a6 23. Na3 b5 24. exf5 Rdd8 25. f4 e4 26. Bg2 Nxf5 27. Bxe4 Bxe4 28. Rxe4 Nd6 29. Re7 c4 30. Bd2 Bf8 31. Re5 f6 32. Rd5 c3 33. Be1 Nf7 34. Rxd8 Nxd8 35. Kf2 Nc6 36. Kf3 Kf7 37. Bf2 f5 38. g4 fxg4+ 39. Ke4 Bxa3 40. Rxa3 Re8+ 41. Kf5 Re2 42. axb5 axb5 43. Bh4 Rxh2 44. Kxg4 Rxc2 45. Ra6 Rg2+ 46. Kf3 Rg6 47. f5 Ne5+ 48. Ke4 Rxa6 49. Kxe5 c2 50. Bg5 Ra1 0-1